MARC

Tag First Indicator Second Indicator Subfields
LEADER 00000cam a22000008i 4500
001 in00000363721
005 20151011082646.0
008 770321s1977 nyua b 00010 eng
010 |a  73092195  
020 |a 0826116906 
035 |a (OCoLC)03255987 
035 |9 ABQ1241AM 
040 |a DLC  |c DLC  |d CHS  |d TXA  |d UtOrBLW 
043 |a a-bg---  |a f-by---  |a n-us-ms 
049 |a TXAM  |c [1437491] 
050 0 0 |a RJ399.M26  |b B76 
082 0 |a 362.5 
100 1 |a Brown, Roy E.  |q (Roy Edward),  |d 1931- 
245 1 0 |a Starving children :  |b the tyranny of hunger /  |c Roy E. Brown. 
264 1 |a New York :  |b Springer Pub. Co.,  |c [1977] 
264 4 |c ©1977 
300 |a xxi, 154 pages :  |b illustrations ;  |c 22 cm. 
336 |a text  |b txt  |2 rdacontent 
337 |a unmediated  |b n  |2 rdamedia 
338 |a volume  |b nc  |2 rdacarrier 
504 |a Bibliography: pages 146-154. 
650 0 |a Malnutrition in children  |z Nigeria  |z Nigeria, Eastern. 
650 0 |a Malnutrition in children  |z Bangladesh. 
650 0 |a Malnutrition in children  |z Mississippi. 
650 2 |a Food Deprivation  |x in infancy & childhood. 
650 2 |a Nutrition Surveys. 
650 2 |a Starvation  |x in infancy & childhood. 
999 |a MARS 
999 f f |s 6d109195-bcd0-3352-9cce-1e977f509480  |i 9300f713-a4c1-3082-9ff0-11286e757481  |t 0 
952 f f |p ric  |a Texas A&M University  |b Rellis Campus  |c Joint Library Facility  |d Remote Storage  |t 0  |e RJ399.M26 B76  |h Library of Congress classification  |i unmediated -- volume  |m A14805144513 
998 f f |a RJ399.M26 B76  |t 0  |l Remote Storage